Statistics for Movies with Colors in the Title #2

Click here to take the quiz!

General Stats

  • This quiz has been taken 51,258 times
    (51,244 since last reset)
  • The average score is 9 of 20

Answer Stats

ClueMovie% Correct
Natalie Portman + BlackBlack Swan
82%
Reese Witherspoon + BlondeLegally Blonde
81%
Prince + PurplePurple Rain
62%
Sean Connery + GoldGoldfinger
61%
Nicole Kidman + RougeMoulin Rouge
61%
Ryan Reynolds + GreenGreen Lantern
56%
John Belushi + BlueThe Blues Brothers
52%
Molly Ringwald + PinkPretty in Pink
49%
Jennifer Lawrence + SilverSilver Linings Playbook
49%
Samuel L. Jackson + BrownJackie Brown
46%
Marlon Wayans + WhiteWhite Chicks
40%
Amanda Seyfried + RedRed Riding Hood
36%
Seth Rogen + GreenThe Green Hornet
35%
Elvis Presley + BlueBlue Hawaii
34%
David Spade + BlackBlack Sheep
33%
Brad Pitt + BlackMeet Joe Black
29%
Cillian Murphy + RedRed Eye
28%
Kyle MacLachlan + BlueBlue Velvet
24%
Katharine Hepburn + GoldOn Golden Pond
22%
Sean Penn + RedThe Thin Red Line
19%

Score Distribution

Percentile by Number Answered

Percent of People with Each Score

Your Score History

You have not taken this quiz since the last reset